[Event "Baden Wuerttemberg-ch Seniors op 2nd"]
[Site "Freudenstadt"]
[Date "2016.07.02"]
[Round "2"]
[White "Huenerberg, Clemens"]
[Black "Schmid, Hartmut"]
[Result "0-1"]
[WhiteElo "1961"]
[BlackElo "2142"]
[PlyCount "78"]
[EventDate "2016.07.01"]
[EventType "swiss"]
[EventRounds "9"]
[EventCountry "GER"]
[SourceTitle "EXT 2019"]
[Source "ChessBase"]
[SourceDate "2018.10.10"]
[SourceVersion "1"]
[SourceVersionDate "2018.10.10"]
[SourceQuality "1"]

1. e4 c5 2. Nc3 Nc6 3. g3 g6 4. Bg2 Bg7 5. d3 d6 6. f4 e6 7. Nf3 Nge7 8. 0-0 d5 9. Ne2 0-0 10. c3 b6 11. Nh4 dxe4 12. dxe4 Qxd1 13. Rxd1 Ba6 14. Kf2 Rad8 15. Be3 Na5 16. e5 Nd5 17. Bc1 Rd7 18. Nf3 Rfd8 19. Bf1 Bb7 20. Ng5 Ne7 21. Rxd7 Rxd7 22. Ke1 h6 23. Nh3 Bf3 24. Nf2 f6 25. exf6 Bxf6 26. Ng1 Bd5 27. Ng4 Bg7 28. Ne3 Nf5 29. Nxd5 exd5 30. g4 Nd6 31. Nf3 Nac4 32. Bd3 Re7+ 33. Kf2 Ne4+ 34. Bxe4 Rxe4 35. Nh4 Kh7 36. Ng2 d4 37. Kf3 Re7 38. cxd4 cxd4 39. b3 d3 0-1

[Event "Wuertemberg-ch Seniors 27th"]
[Site "Freudenstadt"]
[Date "2015.07.08"]
[Round "6"]
[White "Prill, Gerhard"]
[Black "Huenerberg, Clemens"]
[Result "1/2-1/2"]
[WhiteElo "2047"]
[BlackElo "1925"]
[PlyCount "79"]
[EventDate "2015.07.03"]
[EventType "swiss"]
[EventRounds "9"]
[EventCountry "GER"]
[SourceTitle "EXT 2016"]
[Source "ChessBase"]
[SourceDate "2015.10.08"]
[SourceVersion "1"]
[SourceVersionDate "2015.10.08"]
[SourceQuality "1"]

1. e4 g6 2. d4 Bg7 3. Nf3 d6 4. c3 a6 5. a4 Nc6 6. Bd3 e5 7. dxe5 dxe5 8. Qc2 h6 9. Nbd2 Nf6 10. Nc4 0-0 11. Ncxe5 Nxe5 12. Nxe5 Re8 13. f4 Qe7 14. 0-0 b6 15. Bc4 Qc5+ 16. Qf2 Qxf2+ 17. Rxf2 Be6 18. Bd3 Nh7 19. Nf3 Red8 20. Bc2 Bc4 21. Rd2 Nf6 22. h3 Nd7 23. Kf2 Nc5 24. Ke3 Nb3 25. Bxb3 Bxb3 26. Rxd8+ Rxd8 27. Bd2 c5 28. Ke2 a5 29. Be3 f6 30. Nd2 Bc2 31. Kf3 Kf7 32. b3 Rd3 33. Rc1 Rxc3 34. Nc4 f5 35. exf5 gxf5 36. Nxb6 Bd4 37. Nc4 Be4+ 38. Ke2 Rxb3 39. Bxd4 cxd4 40. Nd2 1/2-1/2

[Event "Wuertemberg-ch Seniors 27th"]
[Site "Freudenstadt"]
[Date "2015.07.05"]
[Round "3"]
[White "Huenerberg, Clemens"]
[Black "Schrems, Hermann"]
[Result "0-1"]
[WhiteElo "1925"]
[BlackElo "2034"]
[PlyCount "48"]
[EventDate "2015.07.03"]
[EventType "swiss"]
[EventRounds "9"]
[EventCountry "GER"]
[SourceTitle "EXT 2016"]
[Source "ChessBase"]
[SourceDate "2015.10.08"]
[SourceVersion "1"]
[SourceVersionDate "2015.10.08"]
[SourceQuality "1"]

1. e4 Nf6 2. d3 d5 3. Nd2 e5 4. Ngf3 Nc6 5. h3 Bc5 6. g3 0-0 7. Bg2 dxe4 8. dxe4 Qe7 9. 0-0 Be6 10. c3 a5 11. Qe2 a4 12. Ng5 Bd7 13. Rd1 Rfd8 14. Nf1 h6 15. Nf3 Be6 16. Rxd8+ Rxd8 17. Qc2 Qd7 18. Be3 Bd6 19. Rd1 Bxh3 20. Qxa4 Bxg2 21. Kxg2 Qg4 22. N1d2 Ne7 23. Nh2 Qe2 24. Nc4 b5 0-1

[Event "Wuertemberg-ch Seniors 27th"]
[Site "Freudenstadt"]
[Date "2015.07.03"]
[Round "1"]
[White "Huenerberg, Clemens"]
[Black "Merkel, Gerd"]
[Result "1/2-1/2"]
[WhiteElo "1925"]
[BlackElo "2203"]
[PlyCount "65"]
[EventDate "2015.07.03"]
[EventType "swiss"]
[EventRounds "9"]
[EventCountry "GER"]
[SourceTitle "EXT 2016"]
[Source "ChessBase"]
[SourceDate "2015.10.08"]
[SourceVersion "1"]
[SourceVersionDate "2015.10.08"]
[SourceQuality "1"]

1. e4 d6 2. Nc3 g6 3. g3 Bg7 4. Bg2 e5 5. d3 Nf6 6. h3 0-0 7. Nge2 Nc6 8. 0-0 Nh5 9. g4 Nf6 10. f4 exf4 11. Nxf4 Nd4 12. Nfd5 Nxd5 13. Nxd5 c6 14. Ne3 Re8 15. c3 Ne6 16. Qc2 Qe7 17. Bd2 h6 18. Rae1 Bd7 19. Nf5 gxf5 20. exf5 Qh4 21. fxe6 Bxe6 22. Bf4 d5 23. Qf2 Qxf2+ 24. Rxf2 c5 25. Rfe2 Red8 26. Be5 Rac8 27. Kf2 b5 28. b3 Rd7 29. Bxg7 Kxg7 30. d4 cxd4 31. cxd4 b4 32. Re5 Rc3 33. R5e3 1/2-1/2

[Event "Stuttgart-chA int"]
[Site "Ditzingen"]
[Date "2010.05.13"]
[Round "1"]
[White "Vaysberg, Alexander"]
[Black "Huenerberg, Clemens"]
[Result "1/2-1/2"]
[WhiteElo "2218"]
[BlackElo "1984"]
[PlyCount "38"]
[EventDate "2010.05.13"]
[EventType "swiss"]
[EventRounds "7"]
[EventCountry "GER"]
[SourceTitle "EXT 2018"]
[Source "ChessBase"]
[SourceDate "2017.10.13"]
[SourceVersion "1"]
[SourceVersionDate "2017.10.13"]
[SourceQuality "1"]

1. e4 g6 2. d4 Bg7 3. Nf3 d6 4. c4 a6 5. Nc3 Bg4 6. Be2 Nc6 7. d5 Bxf3 8. Bxf3 Nd4 9. Bg4 c5 10. dxc6 bxc6 11. Be3 e5 12. 0-0 Ne7 13. c5 0-0 14. f4 f5 15. Be2 fxe4 16. cxd6 Nef5 17. Bc4+ Kh8 18. Bxd4 exd4 19. Nxe4 Nxd6 1/2-1/2

[Event "Bad Liebenzell-B"]
[Site "Bad Liebenzell"]
[Date "2010.03.08"]
[Round "4"]
[White "Huenerberg, Clemens"]
[Black "Maissenbacher, Werner"]
[Result "1/2-1/2"]
[WhiteElo "1984"]
[BlackElo "1919"]
[PlyCount "121"]
[EventDate "2010.03.05"]
[EventType "swiss"]
[EventRounds "9"]
[EventCountry "GER"]
[SourceTitle "CBM 135 Extra"]
[Source "ChessBase"]
[SourceDate "2010.05.04"]
[SourceVersion "1"]
[SourceVersionDate "2010.05.04"]
[SourceQuality "1"]

1. e4 c5 2. Nc3 Nc6 3. g3 g6 4. Bg2 Bg7 5. d3 e6 6. Nge2 Nge7 7. Be3 Nd4 8. Nf4 d6 9. Qd2 Bd7 10. Nd1 Rb8 11. c3 Ndc6 12. Ne2 b5 13. Bh6 0-0 14. Bxg7 Kxg7 15. 0-0 d5 16. Ne3 d4 17. Nc2 e5 18. f4 Bg4 19. f5 f6 20. Nc1 g5 21. Nb3 Qb6 22. cxd4 cxd4 23. Rac1 a5 24. Ne1 Rfc8 25. Nc5 Qa7 26. Ne6+ Kh8 27. h4 gxh4 28. Qh6 Ng8 29. Qxh4 h5 30. Kf2 Qf7 31. Rh1 Nh6 32. Bf3 Kg8 33. Ng2 Nb4 34. Rxc8+ Rxc8 35. Bxg4 Nxg4+ 36. Kf3 Rc2 37. Qxh5 Qxh5 38. Rxh5 Rf2+ 39. Kxg4 Rxg2 40. Rh6 Nxd3 41. Rg6+ Kf7 42. Rg7+ Ke8 43. Nc7+ Kd8 44. Nd5 Nxb2 45. Rg8+ Kd7 46. Nxf6+ Kc6 47. Kf3 Rh2 48. Ng4 Rh7 49. f6 Nc4 50. Rg7 Rh8 51. f7 Rf8 52. Ke2 Kd6 53. Nh6 Ke7 54. Rg5 b4 55. Ng4 Rxf7 56. Nxe5 Nxe5 57. Rxe5+ Kf6 58. Rxa5 Rh7 59. Kd3 Rh3 60. Kxd4 Rxg3 61. Rf5+ 1/2-1/2

[Event "St Ingbert op"]
[Site "St Ingbert"]
[Date "1988.??.??"]
[Round "9"]
[White "Huenerberg, Clemens"]
[Black "Demuth, Juergen"]
[Result "1/2-1/2"]
[WhiteElo "1696"]
[BlackElo "1760"]
[PlyCount "24"]
[EventDate "1988.08.20"]
[EventType "swiss"]
[EventRounds "9"]
[EventCountry "GER"]
[SourceTitle "EXT 2002"]
[Source "ChessBase"]
[SourceDate "2001.11.25"]
[SourceVersion "1"]
[SourceVersionDate "2001.11.25"]
[SourceQuality "1"]

1. e4 e5 2. d4 exd4 3. Qxd4 a6 4. Nc3 Nc6 5. Qe3 d6 6. Bd2 g6 7. 0-0-0 Bg7 8. f4 Nf6 9. Be2 0-0 10. Be1 Re8 11. Nf3 b5 12. Bh4 Qe7 1/2-1/2